000 00586cam a2200205 4500500
005 20260329004707.0
041 _afre
042 _adc
100 1 0 _aLarmagnac-Matheron, Octave
_eauthor
245 0 0 _aHéliocène
260 _c2020.
500 _a60
690 _aAnthropocène
690 _aHéliocène
690 _aMichael Marder
690 _aScience
690 _aSoleil
786 0 _nPhilosophie magazine | 144 | 11 | 2020-11-01 | p. 7-7 | 1951-1787
856 4 1 _uhttps://shs.cairn.info/magazine-philosophie-magazine-2020-11-page-7?lang=fr&redirect-ssocas=7080
999 _c1836352
_d1836352